Państwa produkujące najwięcej ziemniaków - Statystyki

Ogólne statystyki
  • Ten quiz został rozwiązany 48 razy
  • Średni wynik to 15 z 21
Statystyki odpowiedzi
Produkcja (tony) Państwa % Poprawnych
7 478 184 Polska
100%
90 321 442 Chiny
98%
8 920 800 Niemcy
98%
22 503 970 Rosja
93%
48 529 000 Indie
90%
20 607 342 Stany Zjednoczone
90%
7 870 973 Francja
86%
22 394 960 Ukraina
86%
5 790 838 Kanada
81%
3 688 029 Brazylia
79%
5 865 123 Białoruś
76%
5 028 000 Wielka Brytania
64%
3 806 992 Kazachstan
57%
4 591 776 Pakistan
57%
4 550 000 Turcja
57%
4 896 476 Egipt
55%
6 029 734 Holandia
55%
4 653 322 Algieria
43%
5 321 188 Iran
43%
5 121 110 Peru
33%
9 744 412 Bangladesz
26%
Nie znaleziono quizów pasujących do podanych kryteriów
Rozkład punktacji
Procent ludzi z każdym wynikiem
Percentyl według liczby udzielonych odpowiedzi
Twoja historia wyników
Nie rozwiązałeś tego quizu